00334nam a22001217a 450000500170000002000230001703500130004003700130005310000240006624500520009026000480014230000220019020120605163046.0 a8176489336c695.00 aB-158949 aDPLbENG aSingh, Yogesh Kumar aTeaching of psychology /cby Yogesh Kumar Singh aNew DelhibAPH Publishing Corporationc2005 av, 276p.c20 cms.